| 000 | 00742nam a22002657a 4500 | ||
|---|---|---|---|
| 003 | CHAP | ||
| 005 | 20220329133913.0 | ||
| 008 | 971013s1962 r 00010 d | ||
| 010 | _a12500 | ||
| 011 | _a13472 | ||
| 035 | _a17544 | ||
| 040 | _cCHAP | ||
| 082 |
_a632.95 _bC37 |
||
| 100 | 0 | 0 |
_aCarson, Rachel L. _919598 |
| 245 | _aSilent spring | ||
| 260 |
_aCambridge, Mass. : _bHoughton Mifflin, _c1962 |
||
| 300 |
_a368 p. _b: ilus. |
||
| 504 | _aBibliografía: p. 301-335 | ||
| 590 |
_aBATCH-UPD _b10 _c20130110 _lUCH01 _h0939 |
||
| 590 |
_aCONVERSION _b10 _c20130109 _lUCH01 _h1308 |
||
| 650 | 1 | 4 |
_aPesticidas. _987536 |
| 901 | _aBK | ||
| 942 | _cLIBRO | ||
| 949 |
_a632.95 C37 _bBC _cLIBRO _d33724000185252 _eLIBRO _h23194 _i17544 _si _t62.50 |
||
| 999 |
_c12500 _d12500 |
||